[Event "Dortmund op-A"]
[Site "Dortmund"]
[Date "1992.??.??"]
[Round "5"]
[White "Kishnev, Sergey"]
[Black "Levin, Felix"]
[Result "1/2-1/2"]
[WhiteElo "2540"]
[BlackElo "2445"]
[Annotator "Dautov,R"]
[PlyCount "107"]
[EventDate "1992.04.??"]
[EventType "swiss"]
[EventRounds "11"]
[EventCountry "GER"]
[SourceTitle "CBM 029"]
[Source "ChessBase"]
[SourceDate "1992.08.01"]
[SourceVersion "1"]
[SourceVersionDate "1992.08.01"]
[SourceQuality "1"]

1. d4 {Ernst} Nf6 2. c4 g6 3. Nc3 d5 4. cxd5 Nxd5 5. e4 Nxc3 6. bxc3 Bg7 7. Bc4
c5 8. Ne2 Nc6 9. Be3 O-O 10. Rc1 cxd4 11. cxd4 Qa5+ 12. Kf1 Bd7 13. h4 Rfc8 14.
h5 e5 (14... Nd8 15. f3 Bb5 (15... b5 16. Bb3 Rxc1 17. Bxc1 $1 Qb6 $6 18. hxg6
hxg6 19. Qe1 $1 $16 {Shirov,A-Kozul,Z Biel 1991 52/470}) 16. Bxb5 Qxb5 17. Kf2
Rxc1 $6 (17... Qb2 18. Qb3 Qxb3 19. axb3 Nc6 $14 {Shirov}) 18. Qxc1 Nc6 19. Qb1
Qa6 20. hxg6 hxg6 21. e5 Rd8 $6 (21... Rc8 22. e6 $16) 22. a4 $1 $16 {/\Qe4-h4
Shirov,A-Ernst,T/London/1991/ Inf.52/471}) 15. Bd2 (15. hxg6 hxg6 16. Qb3 Nd8
17. f4 (17. dxe5 $5) 17... exd4 18. Bxd4 Bxd4 19. Qd3 (19. Nxd4 Qd2 $17) 19...
Ne6 20. f5 Qe5 $13 {Rudakov-Madanian,A corr 1989,49/(545)}) (15. hxg6 hxg6 16.
Bd2 Qa3 (16... Qd8 17. d5 Nd4 18. Nxd4 exd4 19. Qb3 Qe7 20. Re1 {Tisdall}) 17.
Rc3 $6 (17. d5 Nd4 18. Nxd4 exd4 19. Qb3 Qe7 $13) 17... Qe7 18. Rf3 Nd8 19. Qb3
Rxc4 $1 20. Qxc4 Rc8 21. Qb3 exd4 $17 {Tisdall,J-Ostenstad,B Oslo 1991,51/470})
(15. d5 {Ernst} Nd4 16. Nxd4 exd4 17. Bxd4 $2 Rxc4 $1 18. Rxc4 Qa6 19. Qd3 Bb5
$19) 15... Qb6 16. Rb1 Qc7 17. hxg6 hxg6 18. Qb3 (18. Bxf7+ $2 Kxf7 19. Qb3+
Kf8 20. Rh7 Be8 $17) 18... Nd8 19. Rc1 Qb6 20. dxe5 (20. Qxb6 axb6 21. d5 (21.
dxe5 Bxe5 22. f4 Bb2 23. Rc2 Bg7 {/\Bb5}) 21... Ra4 $2 (21... Rxc4 $2 22. Rxc4
Rxa2 23. Ke1 $16) (21... b5 22. Bb3 b6 23. Rxc8 Rxc8 24. Be3 $16) (21... f5 $1
$132) 22. Bb3 Rxc1+ 23. Bxc1 Rxe4 24. f3 Rb4 25. Ba3 Rb5 26. Be7 $18) 20...
Qxb3 21. axb3 Bxe5 22. f4 Bg7 23. Nc3 Rab8 $1 $10 24. Nd5 b5 25. Bd3 (25. Ne7+
$2 Kf8 26. Nxc8 bxc4 $17 (26... bxc4 {Ernst} 27. Nxa7 cxb3 $19)) 25... Rxc1+
26. Bxc1 Be6 27. f5 $1 gxf5 28. Ne7+ Kf8 29. Nxf5 Bxf5 (29... Bxb3 $2 30. Bf4
Rb6 31. Bd6+ Rxd6 32. Nxd6 b4 33. Rh5 $16) 30. exf5 Nc6 31. Bg5 Ne5 32. Ke2 (
32. Be4 $5 {^^}) 32... Nxd3 33. Kxd3 Bb2 34. b4 Rc8 35. Be3 Rc3+ 36. Ke4 Rc4+
37. Kd5 a6 38. Rh6 (38. Bc5+ $5 Kg7 39. Kc6) 38... Kg7 39. Rxa6 Rxb4 40. Bh6+ (
40. Ra2 $10) 40... Kh7 41. Bf8 Rf4 42. g4 Rxg4 43. Rb6 Rf4 44. Rxb5 Rxf5+ 45.
Kc4 Be5 46. Kd3 Kg6 47. Ke2 f6 48. Rd5 Kf7 49. Bh6 Rh5 50. Bf4 Ke6 51. Rb5 Rh3
52. Bxe5 fxe5 53. Ra5 Kf5 54. Ra4 1/2-1/2

[Event "HUN-ch"]
[Site "Budapest"]
[Date "1991.??.??"]
[Round "7"]
[White "Farago, Ivan"]
[Black "Adorjan, Andras"]
[Result "0-1"]
[WhiteElo "2515"]
[BlackElo "2530"]
[Annotator "Ernst,T"]
[PlyCount "100"]
[EventDate "1991.12.??"]
[EventType "tourn"]
[EventRounds "9"]
[EventCountry "HUN"]
[EventCategory "12"]
[SourceTitle "CBM 027"]
[Source "ChessBase"]
[SourceDate "1992.04.01"]
[SourceVersion "1"]
[SourceVersionDate "1992.04.01"]
[SourceQuality "1"]

1. d4 Nf6 2. c4 g6 3. Nc3 d5 4. cxd5 Nxd5 5. e4 Nxc3 6. bxc3 Bg7 7. Bc4 c5 8.
Ne2 Nc6 9. Be3 O-O 10. O-O Qc7 11. Rc1 Rd8 12. Qd2 a6 13. a4 (13. Bh6 Bh8 14.
a4 Na5 15. Ba2 Bd7 16. Nf4 e6 17. e5 $36 {Raskovsky - Kuprejcik, URS 1974.})
13... Bd7 14. Qa2 Be8 15. Qa3 b5 $1 16. Ba2 b4 17. cxb4 cxd4 18. Bd2 Qd6 $17
19. Rc5 a5 20. Bd5 axb4 21. Qc1 Ra6 22. Bf4 e5 23. Bg5 Rb8 24. Bc4 Ra5 25. Bb5
Na7 26. Nxd4 Qxd4 27. Be3 Nxb5 28. Bxd4 Nxd4 $19 29. Qc4 Rxa4 30. Rc8 Raa8 31.
Rxb8 Rxb8 32. Qc7 Ra8 33. Qb7 Bc6 34. Qxb4 Bxe4 35. Qc4 h5 36. f4 Bf5 37. fxe5
Bxe5 38. Qd5 Re8 39. Re1 Nc6 40. Kh1 (40. Qxc6 Bd4+ 41. Kf1 Bd3+ $19) 40... Re6
$1 {Adorjan bringt sein Materialübergewicht sicher zur Geltung.} 41. Qd7 Kg7
42. Qd5 Nb4 43. Qf3 Nc2 44. Rf1 Bf6 45. h3 Be4 46. Qf4 Ne3 47. Rf2 Bc6 48. Qc7
Nxg2 49. Rxg2 Re1+ 50. Kh2 Be5+ 0-1

[Event "Haninge"]
[Site "Haninge"]
[Date "1992.??.??"]
[Round "4"]
[White "Hansen, Lars Bo"]
[Black "Ernst, Thomas"]
[Result "1/2-1/2"]
[WhiteElo "2535"]
[BlackElo "2535"]
[Annotator "Ernst,T"]
[PlyCount "79"]
[EventDate "1992.05.??"]
[EventType "schev"]
[EventRounds "5"]
[EventCountry "SWE"]
[SourceTitle "CBM 030"]
[Source "ChessBase"]
[SourceDate "1992.10.01"]
[SourceVersion "1"]
[SourceVersionDate "1992.10.01"]
[SourceQuality "1"]

1. d4 {Ftacnik} Nf6 2. c4 g6 3. Nc3 d5 4. cxd5 Nxd5 5. e4 Nxc3 6. bxc3 Bg7 7.
Bc4 c5 8. Ne2 Nc6 9. Be3 O-O 10. O-O Bg4 11. f3 Na5 12. Bxf7+ Rxf7 13. fxg4
Rxf1+ 14. Kxf1 Qd6 15. e5 Qd5 16. g5 Qe4 17. Bf2 Rf8 18. Ng1 Nc4 19. Nf3 Ne3+
20. Bxe3 Qxe3 21. Qb3+ Kh8 22. Re1 Rxf3+ $6 {22.-Dxg5, Beljavsky-Kasparow,
Linares 1992.} (22... Qxg5 {Ftacnik} 23. Qxb7 Qd2 24. Qxe7 (24. dxc5 Qxc3 25.
Qd5 Bh6 26. c6 Bf4 27. Re4 Qc1+ 28. Re1 Qc3 29. Re4 {0,5/Beliavsky,A-Kasparov,
G/Linares/1992/}) 24... Qd3+ 25. Re2 cxd4 26. cxd4 Qd1+ 27. Re1 Rxf3+ 28. gxf3
Qxf3+ 29. Kg1 Qg4+ {0,5/Lukacs,P-Horvath,Cs/Budapest GM/1992/}) 23. gxf3 Qxf3+
24. Kg1 Qg4+ 25. Kf2 Qf4+ 26. Ke2 cxd4 27. cxd4 (27. Qe6 {Ftacnik} Qe3+ 28. Kf1
Qf4+ 29. Kg2 Qxg5+ $10) 27... Qxd4 28. Kf3 $2 $10 (28. e6 $2 Qe5+ 29. Kd1 Qd4+
30. Kc2 Qc5+ 31. Kb1 Qf5+ 32. Qc2 Qb5+ $10) (28. Qd3 Qxe5+ 29. Kf3 Qc7 30. Rc1
Qb8 31. Qc4 $1 $16) (28. Qd3 Qg4+ $1 29. Kf2 Qf4+ 30. Kg2 Qxg5+ 31. Kh1 Bxe5
$10) (28. Qf7 $1 Qxe5+ 29. Kf1 Qb5+ 30. Re2 Qc6 $1 $132 {30.-e5? 31.De7!}) (28.
Qf7 $1 Qxe5+ 29. Kf3 $1 Qc3+ 30. Re3 Qc6+ 31. Re4 Qc3+ 32. Kg4 Qc8+ 33. Kh4 e5
34. Rc4 $18) (28. Qf7 $1 Qxe5+ 29. Kf3 $1 Qc3+ 30. Re3 Qc6+ 31. Re4 Qb5 32.
Rxe7 Qf1+ 33. Kg3 Qg1+ 34. Kh3 $18) (28. Qxb7 {Ftacnik} Qxe5+ 29. Kd1 Qd4+ 30.
Kc2 Qc3+ $10) 28... Qh4 $8 (28... Bxe5 {Ftacnik} 29. Qe3 Qd5+ 30. Qe4 Qxe4+ 31.
Rxe4 Bd6 $14) 29. Qe6 h6 (29... Qxe1 $2 {Ftacnik} 30. Qc8+ Bf8 31. Qxf8#) 30.
gxh6 (30. Re4 {Ftacnik} Qxg5 31. Rg4 Qxe5 $10) 30... Qxe1 31. hxg7+ Kxg7 32.
Qxe7+ Kh6 33. Qf8+ Kh7 34. Qe7+ (34. Qf7+ Kh6 35. e6 Qf1+ 36. Ke4 Qxf7 37. exf7
Kg7 38. Ke5 Kxf7 39. Kd6 Kf6 40. Kc7 b5 41. Kb7 Kf5 42. Kxa7 Kg4 43. Kb6 Kh3
44. Kxb5 Kxh2 45. a4 g5 $10) 34... Kh6 35. e6 Qc3+ 36. Ke4 Qc4+ 37. Ke5 Qb5+
38. Kd6 Qc6+ (38... Qb4+ {Ftacnik} 39. Kd7 Qb5+ 40. Kc8 Qc6+ 41. Kb8 $18) 39.
Ke5 Qb5+ 40. Kd4 (40. Kd4 {Ftacnik} Qb2+ $10) 1/2-1/2

[Event "Alekhine Memorial"]
[Site "Moscow"]
[Date "1992.??.??"]
[Round "?"]
[White "Shirov, Alexei"]
[Black "Kamsky, Gata"]
[Result "0-1"]
[WhiteElo "2710"]
[BlackElo "2655"]
[Annotator "Ernst,T"]
[PlyCount "72"]
[EventDate "1992.11.??"]
[EventType "tourn"]
[EventRounds "7"]
[EventCountry "RUS"]
[EventCategory "18"]
[SourceTitle "CBM 033"]
[Source "ChessBase"]
[SourceDate "1993.04.01"]
[SourceVersion "1"]
[SourceVersionDate "1993.04.01"]
[SourceQuality "1"]

1. d4 {Kortschnoj Ftacnik} Nf6 2. c4 g6 3. Nc3 d5 4. cxd5 Nxd5 5. e4 Nxc3 6.
bxc3 Bg7 7. Bc4 c5 8. Ne2 Nc6 9. Be3 O-O 10. Rc1 cxd4 11. cxd4 Qa5+ 12. Kf1 Bd7
13. h4 Rfc8 14. h5 (14. f3 e5 15. d5 Nd4 16. Kf2 b5 17. Bb3 Rxc1 18. Nxc1 Rc8
19. h5 Qa3 20. hxg6 hxg6 21. Bxd4 $6 exd4 22. Nd3 a5 23. e5 a4 24. e6 Be8 $17 {
Fäldt-Ernst, Schweden, 1993.}) 14... Nd8 (14... e5 15. Bd2 (15. d5 Nd4 16. Nxd4
$2 exd4 17. Bxd4 Rxc4 $1 18. Rxc4 Qa6 19. Qd3 Bb5 $19) 15... Qb6 16. Rb1 Qc7
17. hxg6 hxg6 18. Qb3 Nd8 $10 {Kishnev-F. Levin, Dortmund 1992.}) 15. f3 (15.
hxg6 hxg6 16. Qd3 Rc7 17. Rb1 Rac8 18. Bd2 Qa4 19. Bb3 Bb5 20. Qxb5 Qxb5 21.
Bxf7+ Nxf7 22. Rxb5 Rc2 23. Be3 Rxa2 24. Rb1 Rcc2 $17 {Marin-Östenstad, Haifa
1989.}) (15. hxg6 hxg6 16. Bd2 $6 Qa4 17. Bb3 Qa6 18. Kg1 Qd3 {
Nogueiras-Ljubojevic, Barcelona 1989.} 19. Bh6 Qxd1+ 20. Rxd1 Nc6 21. Bxg7 Kxg7
22. Kh2 b5 $15 {Nogueiras.}) (15. hxg6 hxg6 16. e5 Bb5 17. Bxb5 Qxb5 18. Kg1
Ne6 $1 19. Rb1 Qd5 20. Qd2 Rc4 $3 21. Nc3 Qa5 22. Ne4 Qd5 $10 {Povah-Hamarat,
corr 1990/91.}) 15... Ba4 $1 $146 (15... Bb5 16. Bxb5 Qxb5 17. Kf2 Qb2 (17...
Rxc1 $2 18. Qxc1 Nc6 19. Qb1 Qa6 $6 20. hxg6 hxg6 21. e5 Rd8 22. a4 $3 $16 {
Shirov-Ernst, London 1991.}) 18. Qb3 Qxb3 19. axb3 e6 $14) 16. Qd3 $5 (16. Qe1
Qxe1+ 17. Kxe1 $10) 16... b5 17. Bd5 Rxc1+ 18. Bxc1 Rc8 19. hxg6 hxg6 20. Bh6
$1 (20. f4 $2 e6 21. Bb3 Bxb3 22. axb3 Nc6 23. Kf2 Nb4 24. Qh3 Rc2 $17) 20...
Bxh6 $1 (20... Bh8 21. Bf8 $1 Bf6 22. e5 Kxf8 23. exf6 exf6 24. Qe3 g5 25. Rh8+
Kg7 26. Qe8 $18) (20... Rc2 21. Qe3 $16) 21. Rxh6 e6 22. f4 $1 (22. Bb3 $10 {
Ftacnik}) 22... Rc2 (22... exd5 $2 23. Qh3 Rc2 24. Rh8+ Kg7 25. e5 $18) 23. Qh3
(23. Bb3 $2 Bxb3 24. axb3 Rd2 25. Qh3 Qa1+ 26. Kf2 Qxd4+ $19) 23... Kf8 (23...
exd5 $2 24. Rh8+ Kg7 25. Qh6+ Kf6 26. Qg5+ Kg7 27. Qe5+ f6 28. Qe8 $18) 24. e5
$2 (24. Rh8+ Ke7 25. Qh4+ Kd7 26. Qg5 $1 exd5 (26... Kc8 27. Ba8 $132 (27. Bb7+
$2 Kxb7 28. Rxd8 Qd2 $3 29. Qe7+ Ka6 30. Rd6+ Ka5 31. Qxa7+ Kb4 $19)) (26...
Qc7 $2 27. Bb3 Bxb3 28. Qxb5+ $16) (26... Rc8 $6 27. Bb3 $16) 27. Qxd5+ Kc8 (
27... Ke7 28. Qg5+ f6 $2 29. Qd5 $1 Nf7 30. Rh7 $18) 28. Qa8+ $10) 24... Ke7 $1
(24... exd5 $2 {Ftacnik} 25. Qd7 $1 Kg7 26. Qe8 $1 Kxh6 27. Qh8#) 25. Rxg6 (25.
Bb3 {Ftacnik} Bxb3 26. Qxb3 (26. axb3 Qa1+ 27. Kf2 Qxd4+) 26... Qa4 27. Qxa4
bxa4 28. a3 Nc6 $17) (25. Rh8 {Ftacnik} exd5 26. f5 gxf5 27. Qxf5 Rc6 $1 $19)
25... Qd2 (25... fxg6 $2 26. Qh7+ Nf7 (26... Ke8 $2 27. Be4 $1 Qc7 28. Bxg6+
Kf8 29. Qh8+ Ke7 30. Qg7+ $18) 27. Bxe6 Kxe6 28. Qxg6+ Ke7 (28... Kd5 29. Qxf7+
Kc6 $5 (29... Ke4 30. Qg6+ Ke3 31. Qg3+ Kd2 $4 32. Qe1+ $18) 30. e6 Qd2 31.
Qd7+ Kb6 32. Qd6+ Ka5 (32... Rc6 33. Qd8+ Ka6 34. e7 Bd1 35. e8=Q Bxe2+ 36.
Qxe2 Rc1+ 37. Kf2 Qxf4+ 38. Qf3 Rc2+ 39. Kg1 $3 $10) 33. Qd8+ Kb4 34. Qe7+ Kc4
35. Qc5+ Kd3 36. Qf5+ Ke3 37. Qe5+ Kd3 38. Qf5+ $10) 29. e6 Nd6 30. f5 b4 $1
31. Qg5+ Kf8 32. Qf6+ Ke8 33. Qh8+ Ke7 34. Qh4+ $10) 26. Kg1 fxg6 (26... exd5
$2 27. Qh4+ f6 28. Rg7+ $18) (26... Qe1+ $2 27. Kh2 exd5 28. Rd6 $1 Ne6 29. f5
Qxe2 30. f6+ Ke8 31. Qh8+ Nf8 32. Qxf8+ $18) 27. Qh7+ Ke8 $1 $19 28. f5 exd5
29. f6 Qb4 30. Qxg6+ Kd7 31. e6+ Nxe6 32. Qf7+ Kd8 33. Qxe6 Qe1+ 34. Kh2 Qxe2
35. Qxd5+ Kc7 36. f7 Qe7 0-1

[Event "Leon"]
[Site "Leon"]
[Date "1994.??.??"]
[Round "4"]
[White "Kortschnoj, Viktor Lvovich"]
[Black "Sion Castro, Marcelino"]
[Result "1-0"]
[WhiteElo "2615"]
[BlackElo "2380"]
[Annotator "Franco"]
[PlyCount "81"]
[EventDate "1994.05.??"]
[EventType "tourn"]
[EventRounds "9"]
[EventCountry "ESP"]
[EventCategory "12"]
[SourceTitle "CBM 042"]
[Source "ChessBase"]
[SourceDate "1994.10.01"]
[SourceVersion "1"]
[SourceVersionDate "1994.10.01"]
[SourceQuality "1"]

1. d4 Nf6 2. c4 g6 3. Nc3 d5 4. cxd5 Nxd5 5. e4 Nxc3 6. bxc3 Bg7 7. Bc4 c5 8.
Ne2 O-O 9. O-O Nc6 10. Be3 Bg4 11. f3 Bd7 12. Rb1 Rc8 13. dxc5 e6 $6 (13... Na5
$5) 14. Rxb7 $1 (14. Nd4) (14. f4) 14... Ne5 15. Bb5 $1 (15. Rxa7 Nxc4 16. Rxd7
Nxe3 17. Rxd8 Rfxd8 18. Qc1 Nxf1 19. Kxf1 Rxc5 $13) (15. Bb3 a5 16. Ra7 Bb5 $44
) 15... Bxb5 16. Rxb5 Nc4 17. Bd4 (17. Qxd8 $6 Rfxd8 $14) 17... e5 (17... Bh6
18. Qd3 $5 (18. f4) 18... Ne3 19. Qd2 $1) 18. Rb4 exd4 19. Rxc4 dxc3 20. Qxd8
$1 (20. Nxc3 $6 Rxc5 $1 21. Rxc5 Qd4+ $14) (20. Qd5 $5 Qa5 21. c6 Qb6+ $1 (
21... Qxa2 $2 22. Nxc3 Bxc3 23. Rxc3 $16) 22. Kh1 (22. Qc5 $2 Rxc6 $1) 22...
Qe3 $13) 20... Rfxd8 21. Rc1 (21. Nxc3 Rxc5 $1 $14) 21... Rd2 22. Kf1 Rxa2 23.
Nxc3 Bxc3 24. R4xc3 Kf8 $2 (24... a5 $1 $14) 25. R1c2 Ra4 26. Ke2 Ke7 27. Rd3
Rc7 28. Ke3 Ke6 $6 (28... a5 $1 $16) 29. Kf4 Ra5 30. Rd6+ Ke7 31. Rd5 h6 32. h4
$1 Ra6 33. h5 g5+ 34. Ke5 Rf6 35. Ra2 Rfc6 36. Ra5 Re6+ 37. Kd4 Rec6 38. g3 Rf6
39. Ra3 Rb7 40. e5 Rc6 41. Rd6 1-0

[Event "New York op"]
[Site "New York"]
[Date "1998.03.18"]
[Round "5"]
[White "Vaisser, Anatoli"]
[Black "David, Alberto"]
[Result "1-0"]
[WhiteElo "2590"]
[BlackElo "2525"]
[Annotator "Ftacnik,L"]
[PlyCount "83"]
[EventDate "1998.03.16"]
[EventType "swiss"]
[EventRounds "9"]
[EventCountry "USA"]
[SourceTitle "CBM 064"]
[Source "ChessBase"]
[SourceDate "1998.06.02"]
[SourceVersion "1"]
[SourceVersionDate "1998.06.02"]
[SourceQuality "1"]

1. d4 {Hecht} Nf6 2. c4 g6 3. Nc3 d5 4. cxd5 Nxd5 5. e4 Nxc3 6. bxc3 Bg7 7. Bc4
c5 8. Ne2 O-O 9. O-O Nc6 10. Be3 Qc7 11. Rc1 Rd8 12. Qd2 Qa5 13. Rfd1 Bg4 14.
f3 Ne5 15. Bd5 Rxd5 16. exd5 Nc4 17. Qd3 Nb2 18. Qb1 Nxd1 19. Rxd1 (19. Qxb7
Rd8 (19... Rc8 20. Rxd1 Qxa2 21. Qb5 Rb8 22. fxg4 Qxd5 23. Nf4 Qe4 24. Qd3 Qxd3
25. Rxd3 cxd4 26. cxd4 {1-0 Ftacnik,L-Pavlov,M/Baile Herculane zt 1982 (41)})
20. Rxd1 cxd4 (20... Bc8 21. Qxe7 Bf8 22. Qf6 Re8 23. Qf4 Qxa2 24. Ng3 Qxd5 25.
Ne4 Bg7 26. Nxc5 {1-0 Ftacnik,L-Stohl,I/Tirnavia 1984 (41)}) 21. Nxd4 Bc8 22.
Qxe7 Bf8 23. Nc6 Rxd5 24. Rxd5 Qxd5 25. Qe8 Qe6 26. Qxe6 Bxe6 {1/2-1/2
Razuvaev,Y-Tukmakov,V/URS-FL 1979 (32)}) 19... Qa6 20. fxg4 Qxe2 21. Re1 Qc4 (
21... Qxg4 22. Qxb7 Re8 23. Qxa7 (23. dxc5 $1 Bxc3 24. Rc1 Qe2 25. Bf2 $14)
23... cxd4 24. Bxd4 Bxd4+ 25. Qxd4 Qxd4+ 26. cxd4 {1/2-1/2 Garcia,R-Poch,C/
ARG-ch 1974}) 22. Qxb7 Rf8 23. dxc5 Bxc3 24. Rf1 (24. Rc1 $5 Qd3 25. Bf2 (25.
Qxe7 $2 Bf6 $1 $19) 25... Bd4 26. Bxd4 Qxd4+ 27. Kh1 Qe3 28. Qb2 $16) 24... Bd4
(24... Qe2 25. Qxe7 Bd4 {[#] Hecht:  A forced and strong transtion into the
good endgame of rook and bishop versus queen. White wins through the slow
improvement of the position of all of his pieces. [#] Hecht:  Erzwungener und
guter Übergang in ein wegen des starken c-Freibauern Endspiel von Turm und
Läufer gegen Dame. Weiß gewinnt durch langsame Verbesserung der Positionen
aller seiner Steine.} 26. Qxf8+) 25. Qxe7 $1 {White is trying hard to maintain
his chances for win, he is even ready to part with his queen.} (25. Bxd4 Qxd4+
26. Kh1 Qxc5 $15) 25... Qe2 {[#] Hecht:  A forced and strong transtion into
the good endgame of rook and bishop versus queen. White wins through the slow
improvement of the position of all of his pieces. [#] Hecht:  Erzwungener und
guter Übergang in ein wegen des starken c-Freibauern Endspiel von Turm und
Läufer gegen Dame. Weiß gewinnt durch langsame Verbesserung der Positionen
aller seiner Steine.} (25... Qxd5 26. c6 $5 (26. Bxd4 Qxd4+ 27. Kh1 Qxg4 28.
Qxa7 Qc4 29. Re1 Rc8 $14) 26... Bxe3+ (26... Rc8 27. Rc1 Bxe3+ 28. Qxe3 Qxa2
29. c7 $16) 27. Qxe3 Qxc6 28. Qxa7 $14) 26. Qxf8+ Kxf8 27. Bxd4 Qc4 (27... Qxg4
$2 28. Bf2 Qc4 (28... Qa4 29. c6 Qc4 30. Bg3 Qxd5 31. c7 Qc5+ 32. Kh1 Qc4 (
32... Qc2 33. Bf4 $18) 33. Rd1 Ke7 34. h3 Qc3 35. Kh2 h5 36. Rd8 $18) 29. c6 $1
Qxd5 30. c7 Qc4 31. Bg3 h5 32. Rd1 Ke7 33. h4 $18) 28. Be3 $1 Qxd5 (28... Qe4
$2 29. Re1 $1 Qxd5 30. Bh6+ Kg8 31. Re8#) 29. Rc1 Qc6 {Black must prevent
white c pawn reaching the c7 square.} (29... Qe4 30. Kf2 Qxg4 31. c6 Qf5+ 32.
Kg1 Qc8 (32... Qe4 33. Bh6+ $1 Ke7 34. c7 $18) 33. c7 $18) 30. g5 $1 {Hecht:
This cripples Black's position and creates the further support point f6. Hecht:
lähmt die schwarze Stellung und schafft den weiteren Stützpunkt f6.} Ke8 31.
Rd1 Qe4 (31... Qe6 32. Re1 $1 Qxa2 33. c6 Kd8 34. Bf4 Qa4 35. c7+ Kd7 36. Bg3
Qg4 37. Rc1 Kc8 38. Rb1 Kd7 $1) 32. Bf2 Qc2 33. Re1+ Kd7 34. a3 Kc6 $2 (34...
Qa2 35. h4 Qxa3 36. Re3 Qa2 37. Rd3+ Kc8 38. Rd6 a5 $132) 35. h4 Qb3 $2 {
Black mises the dangerous idea of the white rook transfer to f6 square.} (35...
Qc3 $1 36. Re7 (36. Rd1 Qxa3 37. Rd6+ Kb5 38. Rf6 Qa1+ 39. Kh2 Qe5+) 36... Qa1+
37. Kh2 Qa2 38. Bg3 Kxc5 39. Rxa7 $11) 36. Re3 $1 Qc2 37. Rf3 Qc4 38. Rf6+ Kc7
(38... Kd7 39. c6+ Ke7 40. Bg3 $18) 39. Bg3+ Kc8 (39... Kd7 40. c6+ Ke7 41. c7
h6 42. Rd6 Qc5+ 43. Kh2 Qxc7 44. Re6+ Kxe6 45. Bxc7 $18) 40. c6 Qc1+ 41. Kh2
Qc4 42. c7 $1 (42. c7 $1 Qc3 (42... Kd7 43. Rd6+) (42... Kb7 43. Rf4 Qc6 44.
Rb4+ $18) 43. Rxf7 Qxa3 44. Rf1 a5 45. Rd1 $18) 1-0

[Event "Interzonal-16"]
[Site "Biel"]
[Date "1993.??.??"]
[Round "10"]
[White "Ftacnik, Lubomir"]
[Black "Gurevich, Ilya"]
[Result "0-1"]
[WhiteElo "2535"]
[BlackElo "2575"]
[Annotator "Ftacnik,L"]
[PlyCount "76"]
[EventDate "1993.07.16"]
[EventType "swiss"]
[EventRounds "13"]
[EventCountry "SUI"]
[SourceTitle "CBM 037"]
[Source "ChessBase"]
[SourceDate "1993.12.01"]
[SourceVersion "1"]
[SourceVersionDate "1993.12.01"]
[SourceQuality "1"]

1. d4 Nf6 2. c4 g6 3. Nc3 d5 4. cxd5 Nxd5 5. e4 Nxc3 6. bxc3 Bg7 7. Bc4 c5 8.
Ne2 Nc6 9. Be3 O-O 10. Rc1 cxd4 11. cxd4 Qa5+ 12. Kf1 Qa3 $1 13. Qd2 $6 (13.
Rc3 Qd6 14. f3 Na5 15. Bd3 Be6 16. Bf4 Qb4 17. Bd2 b6 18. Rc7 Qd6 19. Bf4 Qd8
20. d5 Bd7 21. Ba6 e6 22. dxe6 Bxe6 23. Qc2 Bc8 24. Bb5 a6 25. Bd3 b5 26. Kf2
Be6 27. Rd1 Qf6 28. e5 Qh4+ 29. Bg3 $13 {Browne,W-Kudrin,S/Philadelphia opI (9)
/1992/0.5 (75)}) (13. h4 Bg4 14. h5 Bxh5 $1 (14... Rfd8 15. hxg6 hxg6 16. d5
$13) 15. Rxh5 $140 gxh5 16. Ng3 Bxd4 17. Bxd4 Nxd4 18. Nxh5 Qd6 $19) (13. d5
Na5 14. Bd3 Bd7 $36) (13. Qb3 Qxb3 14. axb3 $5 $10 (14. Bxb3 Na5 15. Ba4 b6 16.
f3 Ba6 17. Kf2 Rfc8)) 13... Rd8 14. d5 Ne5 15. Bb5 (15. Bb3 b6 16. f4 Ng4 17.
Bd4 e5 18. Bb2 Qe7 19. h3 Nf6 $17) 15... b6 $1 (15... a6 16. Bc5 Qf3 $3 17.
Bxe7 (17. gxf3 Bh3+ 18. Ke1 Nxf3+ 19. Kd1 Nxd2 20. Bd3 Nf3 21. Bxe7 $13) 17...
Bh3 18. Nf4 Bh6 19. Nxh3 Bxd2 20. gxf3 Bxc1 21. Bxd8 axb5 22. Bf6 Nd7 23. Kg2
$13) 16. f4 (16. Bd4 Ba6 17. Bxa6 Qxa6 $36) 16... Ng4 17. Bd4 e5 $1 18. Bb2 (
18. dxe6 $2 Bxd4 (18... Bxe6 $17) 19. exf7+ Kf8 20. Nxd4 Rxd4 21. Rxc8+ Rxc8
22. Qxd4 Rc1+ 23. Ke2 Rc2+ $19) (18. h3 exd4 19. hxg4 Bxg4 20. Rc4 Qe3 $17)
18... Qxa2 $1 19. Ra1 (19. h3 exf4 20. Nc3 Ne3+ 21. Kg1 Qb3 $17) (19. Nc3 Qb3
20. Bc6 Rb8 21. h3 Ne3+ 22. Qxe3 Qxb2 $17) 19... Qb3 20. Bc6 Rb8 21. Rxa7 Ne3+
22. Kf2 Nc4 23. Qc3 $8 Qxb2 24. Qxc4 exf4 25. Qd3 (25. Bb5 Bg4 26. Re1 Rbc8 $17
) (25. Rd1 b5 26. Qc1 Qxc1 27. Rxc1 b4 $17) 25... Bg4 26. Re1 (26. Rb1 $2 Bxe2
$19) (26. h3 Bd4+ 27. Kf1 Bxe2+ 28. Qxe2 Qc3 $19) 26... Qf6 27. Rc1 (27. h3
Qh4+ 28. Kf1 f3 $1 $19) 27... Bf8 $1 28. h3 Bc5+ 29. Rxc5 (29. Kf1 Bh5 $1 {
/\ f3-+}) 29... Bxe2 30. Qc3 Qh4+ $1 (30... Qd6 31. Kxe2 Qxc5 32. Qxc5 bxc5 33.
Kf3 $17) 31. Kxe2 bxc5 32. e5 f3+ 33. gxf3 (33. Kxf3 Rb1 $19) (33. Qxf3 Rb2+
34. Kd1 Qd4+ $19) 33... Qg3 $1 (33... Qxh3 34. e6 $132) 34. e6 Rb2+ 35. Ke3 (
35. Qxb2 Qg2+) 35... Qg1+ 36. Kd3 (36. Kf4 Rb4+ 37. Ke5 Qg5#) 36... Qb1+ 37.
Kc4 (37. Ke3 Rb3) 37... Rc2 38. e7 $138 Qb4+ 0-1